000 00649nam a22002057a 4500
999 _c5594
_d5594
003 AR-CdUCM
008 190312b ||||| |||| 00| 0 spa d
040 _aMUNICIPALIDAD PROVINCIAL DEL CUSCO
_cBIBLIOTECA MUNICIPAL DEL CUSCO
082 _a869.56 /
_bB25
100 _aBarrera Reyes, Luis Alberto
_95657
245 _aCien sonetos y un poema para el alma :
_b05-05-2006 / 25-10-2008 /
260 _aCusco :
_bKopy Graf,
_c2009.
300 _a101 páginas ;
_c19 cm.
500 _aAutografiado por el autor
650 _aPoesía peruana
_9806
650 _aSiglo XX
_98
650 _aPoesía cusqueña
_92323
942 _2ddc
_cLIBROS
945 _azta